| 000 | 00704nam a2200229 a 4500 | ||
|---|---|---|---|
| 999 |
_c7422 _d7422 |
||
| 001 | 7422 | ||
| 003 | BD-JhCC | ||
| 005 | 20180210105339.0 | ||
| 008 | 180210s1997 bg |||| ||a| 000 0 ben d | ||
| 020 | _a9840800906 | ||
| 035 | _a(BD-JhCC)7422 | ||
| 040 |
_aBD-JhCC _dBD-JhCC |
||
| 041 | _aeng | ||
| 082 |
_a954 _bHAS 1997 |
||
| 100 | _aহাসানাত, অাবুল | ||
| 245 |
_aদ্বিখন্ডিত রক্তাক্ত ভারতবর্ষ / _cঅাবুল হাসানাত |
||
| 260 |
_aঢাকা : _bএকাডেমিক পাবলিশার্স, _c1997. |
||
| 300 |
_a145 p. : _c21 cm. |
||
| 650 | _aIndia | ||
| 942 |
_2ddc _cBK |
||